000 00765nam a2200277Ia 4500
003 OSt
005 20221005041010.0
006 a|||||r|||| 00| 0
007 ta
008 221004b |||||||| |||| 00| 0 eng d
020 _a0 19 563932 4 (hbk)
024 _a120822
037 _bGift, 10/08/2012,
_cTextual
040 _aCRL
_cCRL
_beng
041 _2eng
_aeng
082 _aV2:21wC76, K1
100 _aThapar Romila
245 0 _aAsoka and the decline of the Mauryas
250 _aRev.ed.
260 _aDelhi
_bOxford University Press India
_c1997
300 _a346p.
_ccm.
650 _a INDIA - HISTORY
650 _aHISTORY
942 _hV2:21wC76, K1
_cTEXL
_2cc
999 _c947777
_d947777